000 00388pab a2200157 454500
008 180718b2008 xxu||||| |||| 00| 0 eng d
100 _aRhee, Hyok-Joo
245 _aHome-based telecommuting and commuting behavior
260 _c2008
300 _ap.198-216.
362 _aJan
650 _aTelecommunications
773 _aJournal of Urban Economics
908 _aN
909 _a77605
999 _c77605
_d77605